[Event "CAN-ch U14"]
[Site "Sault Ste Marie"]
[Date "2017.07.07"]
[Round "3.44"]
[White "Xie, Daniel"]
[Black "Laird, Alexander"]
[Result "1-0"]
[WhiteElo "1102"]
[BlackElo "1101"]
[PlyCount "63"]
[EventDate "2017.07.06"]
[EventType "swiss"]
[EventRounds "7"]
[EventCountry "CAN"]
[SourceTitle "EXT 2022"]
[Source "ChessBase"]
[SourceDate "2021.10.06"]
[SourceVersion "1"]
[SourceVersionDate "2021.10.06"]
[SourceQuality "1"]

1. e4 Nf6 2. e5 Nd5 3. d4 e6 4. a3 c5 5. c3 Qa5 6. Bd2 d6 7. c4 Nc3 8. Bxc3 Qb6 9. exd6 Bxd6 10. d5 0-0 11. Be2 exd5 12. cxd5 Re8 13. Nf3 Bg4 14. 0-0 Nd7 15. Nbd2 Re7 16. Nc4 Qc7 17. Nxd6 Qxd6 18. b4 b6 19. Qd2 Rae8 20. Rfe1 Bxf3 21. Bxf3 Nf6 22. Rxe7 Rxe7 23. Re1 Rd7 24. Bxf6 gxf6 25. Re8+ Kg7 26. h4 h6 27. Qe2 Rc7 28. Be4 Qf4 29. g3 Qxe4 30. Qxe4 c4 31. Qg4+ Kh7 32. Qg8# 1-0